01253 a2200181 450000100040000000500170000400800410002100300150006204000400007708000760011724500620019302000220025525000110027726400340028830000180032250507010034010000300104117320260407155414.0260407a2006 arg spa dAR-UNSa-BCEJYS aAR-UNSa-BCEJYSbspacAR-UNSa-BCEJYS a336.233xTipos de contribución. Contribuciones a la Seguridad Social 10aProcedimiento tributarioprecursos de la seguridad social a978-987-01-0517-6 a1a. ed 1aBuenos Aires :bErreparc2006 a561 p.c22 cm a1. Facultades de reglamentación, recaudación y fiscalización - 2. Determinación y percepción de los tributos de la seguridad social - 3. Las presunciones, ficciones y valoraciones. El esquema presuntivo de la Ley 26.063 - 4. Aspectos generales e introductorios - 5. Impugnación de deudas y sanciones - 6. De la prueba - 7. Modos de terminación del proceso en sede administrativa 8. Proceso judicial ante la Cámara Federal de la Seguridad Social. Generalidades 9. El "Solve et Repete" 10. De la sentencia, consecuencias, efectos y recursos 11. Vías alternativas de acceso a la jurisdicción 12. Procedimiento impugnatorio. Su aplicación en conexidad con otros procedimientos 1 aPérez, Daniel Guillermo